Parsons law : or, A view of advowsons : wherein is contained the rights of the patrons, ordinaries and incumbents, to advowsons of churches, and benefices with cure of souls, and other spiritual promotions /

Bibliographic Details
Main Author: Hughes, William, 1587 or 1588-1663?
Corporate Author: Assigns of Richard and Edward Atkins (Printer)
Other Authors: Streater, John, -1677 (Printer), Twyford, Henry (Printer), Flesher, E. (Elizabeth), active 1670-1678? (Printer)
Format: Book
Language:English
Published: London : Printed by John Streater, Henry Twyford, Elizabeth Flesher, assigns of Richard Atkins and Edward Atkins, Esquires, 1673
Subjects:

MARC

Tag First Indicator Second Indicator Subfields
LEADER 00000cam a2200000 a 4500
001 in00004598913
008 890419s1673 enk bl 000 0 eng d
005 20221102170508.6
035 |a (OCoLC)on1196227141 
040 |a IEUOL  |b eng  |e dcrmb  |c IEUOL  |d OCLCO  |d OCLCF  |d OCLCO  |d TXA 
035 |a (OCoLC)1196227141 
043 |a e-uk---  |a e-uk-en 
050 4 |a KD8725  |b .H84 1673 
082 4 |a 346.042  |b H894 
100 1 |a Hughes, William,  |d 1587 or 1588-1663? 
245 1 0 |a Parsons law :  |b or, A view of advowsons : wherein is contained the rights of the patrons, ordinaries and incumbents, to advowsons of churches, and benefices with cure of souls, and other spiritual promotions /  |c collected out of the whole body of the common-law and some late reports, by William Hughes of Grayes-Inne, Esquire. Whereunto is added an appendix, containing the heads of the several statutes made in the reigns of King Charles the First, and King Charles the Second, touching the same points ; which was never before printed. 
246 3 3 |a View of advowsons 
264 1 |a London :  |b Printed by John Streater, Henry Twyford, Elizabeth Flesher, assigns of Richard Atkins and Edward Atkins, Esquires,  |c 1673 
300 |a 16 unnumbered pages, 333 pages, 25 unnumbered pages ;  |c 18 cm (8vo.) 
336 |a text  |2 rdacontent 
337 |a unmediated  |2 rdamedia 
338 |a volume  |2 rdacarrier 
340 |m 8vo  |2 rdabf 
500 |a "Cum gratia & privilegio Regiae Majestatis." 
500 |a Title page printed with a single border. 
500 |a Headpieces, initial. 
500 |a Errors in paging: pages 228 and 295 misnumbered 128 and 279, respectively. 
500 |a Originally published 1641. 
500 |a Printed marginalia. 
500 |a The Cushing Library/Rare Books copy was acquired as part of the Lois Goddard Morrison Collection of Eighteenth Century Literature.  |5 TXA 
510 4 |a English short title catalogue,  |c R41019 
510 4 |a Wing (2nd ed.);  |c H3327B 
510 4 |a Hennington, B. M. Lois G. Morrison Collection of Eighteenth Century Literature: a checklist,  |c A-17 
510 4 |a Cashel Diocesan Library. Cat.;  |c 166 
510 4 |a Miller. Cashel cat.;  |c H.17.35 
510 4 |a Matteson. King;  |c 2661 
650 0 |a Advowson  |v Early works to 1800. 
650 0 |a Benefices, Ecclesiastical  |z England  |v Early works to 1800. 
650 0 |a Ecclesiastical law  |z Great Britain  |v Early works to 1800. 
650 0 |a Clergy  |x Legal status, laws, etc.  |v Early works to 1800. 
610 2 0 |a Church of England  |x Clergy  |v Early works to 1800. 
650 7 |a Clergy  |x Legal status, laws, etc.  |2 fast  |0 (OCoLC)fst00864049 
650 7 |a Ecclesiastical law  |2 fast  |0 (OCoLC)fst00901292 
651 7 |a Great Britain  |2 fast  |0 (OCoLC)fst01204623 
655 7 |a Early works  |2 fast  |0 (OCoLC)fst01411636 
655 7 |a Blind tooled bindings (Binding)  |2 rbbin 
700 1 |a Streater, John,  |d -1677,  |e printer. 
700 1 |a Twyford, Henry,  |e printer. 
700 1 |a Flesher, E.  |q (Elizabeth),  |d active 1670-1678?,  |e printer. 
710 2 |a Assigns of Richard and Edward Atkins,  |e printer. 
752 |a England  |d London. 
994 |a Z0  |b TXA 
948 |h HELD BY TXA - 1 OTHER HOLDINGS 
999 f f |s 6ceca52a-6478-4bd2-9511-60b8068d0e92  |i c8731247-8427-400e-b9d1-0801a68fc5dc  |t 0 
952 f f |p noncirc  |a Texas A&M University  |b College Station  |c Cushing Memorial Library & Archives  |d Cushing: Rare Books (Does not check out)  |t 0  |e KD8725 H84 1673  |h Library of Congress classification  |i unmediated -- volume  |m A1485294455E 
998 f f |a KD8725 H84 1673  |t 0  |l Cushing: Rare Books (Does not check out)